000 00449nam a2200169Ia 4500
008 220204s9999 xx 000 0 und d
020 _a9789385516344
082 _a634
_bPET
100 _aPeter, KV
245 0 _aInnovations in horticultural sciences
260 _aNew Delhi
_bNew India Publishing Agency
_c2016
300 _a653p.
650 _aGenetically modified crops
650 _aGM technology
650 _aSoil fertility
942 _cBK
999 _c43199
_d43199